Gestión de Calidad y Medio Ambiente de un Laboratorio Universitario / (Record no. 23576)

000 -CABECERA
fixed length control field 01260nam a22003137a 4500
003 - IDENTIFICADOR DEL NÚMERO DE CONTROL
control field AR-CdUCM
008 - DATOS DE LONGITUD FIJA--INFORMACIÓN GENERAL
fixed length control field 260331b2024 pe ||||| |||| 00| 0 esp d
020 ## - NÚMERO INTERNACIONAL ESTÁNDAR DEL LIBRO
ISBN 978-612-03-0654-2
040 ## - FUENTE DE LA CATALOGACIÓN
Agencia/entidad que catalogó originalmente la obra MUNICIPALIDAD PROVINCIAL DEL CUSCO
Entidad que transcribió la catalogación BIBLIOTECA MUNICIPAL DEL CUSCO
082 ## - NÚMERO DE LA CLASIFICACIÓN DECIMAL DEWEY
No. de Clasificación 628.5 /
Notacion interna L64
100 ## - ENTRADA PRINCIPAL--NOMBRE DE PERSONA
Nombre Personal Limpe Ramos, Patricia
245 ## - MENCIÓN DE TÍTULO
Título Gestión de Calidad y Medio Ambiente de un Laboratorio Universitario /
260 ## - PUBLICACIÓN, DISTRIBUCIÓN, ETC.
Lugar de publicación, distribución, etc. Cusco - Perú :
Nombre de la editorial, distribuidor, etc. Limpe Ramos, Patricia,
Fecha de publicación, distribución, etc. 2024.
300 ## - DESCRIPCIÓN FÍSICA
Nº de Páginas Extensión 203 Páginas. :
Otros detalles físicos Cuadros, gráficos
Dimensiones 15 x 20 cm.
500 ## - NOTA GENERAL
Bibliografía Página 203
505 ## - NOTA DE CONTENIDO CON FORMATO
Nota de contenido formateada Contenido: Sección I. Sistema de Gestión de Calidad de un Laboratorio Universitario según la ISO 9001.2015 -- Sección II. Según ISO 14001 - 2015 -- Sección III. Plan de Contingencia de un Laboratorio...
650 ## - PUNTO DE ACCESO ADICIONAL DE MATERIA--TÉRMINO DE MATERIA
Descriptor Objeto y campo
9 (RLIN) 52463
650 ## - PUNTO DE ACCESO ADICIONAL DE MATERIA--TÉRMINO DE MATERIA
Descriptor Pronóstico
9 (RLIN) 50638
650 ## - PUNTO DE ACCESO ADICIONAL DE MATERIA--TÉRMINO DE MATERIA
Descriptor Sistema de Gestión
9 (RLIN) 52464
650 ## - PUNTO DE ACCESO ADICIONAL DE MATERIA--TÉRMINO DE MATERIA
Descriptor Recursos Humanos
9 (RLIN) 4385
650 ## - PUNTO DE ACCESO ADICIONAL DE MATERIA--TÉRMINO DE MATERIA
Descriptor Producción y Prestación
9 (RLIN) 52465
650 ## - PUNTO DE ACCESO ADICIONAL DE MATERIA--TÉRMINO DE MATERIA
Descriptor Plan de manejo
9 (RLIN) 52466
650 ## - PUNTO DE ACCESO ADICIONAL DE MATERIA--TÉRMINO DE MATERIA
Descriptor Tratamientos de Residuos
9 (RLIN) 52467
650 ## - PUNTO DE ACCESO ADICIONAL DE MATERIA--TÉRMINO DE MATERIA
Descriptor Organización del Sistema
9 (RLIN) 52468
650 ## - PUNTO DE ACCESO ADICIONAL DE MATERIA--TÉRMINO DE MATERIA
Descriptor Evaluación de Emergencia
9 (RLIN) 52469
942 ## - ELEMENTOS DE PUNTO DE ACCESO ADICIONAL (KOHA)
Fuente de clasificación
Tipo de item Libros-BMC
945 ## - PROCESAMIENTO DE INFORMACIÓN LOCAL (OCLC)
Catalogador jmcs
AAAA-MM-DD - Fecha de ingreso o modificacion 31/03/2026
Holdings
Estado de retiro (separado) Fuente de clasificación o esquema de estanterías Estado dañado Ubicación Sala donde se ubica Nombre de la colección Fecha de adquisición o compra Fuente de adquisición Costo, precio normal en soles Signatura topográfica Código de Barras Última vez visto (Koha) Tipo de ítem (Koha)
No     Sala Ciencias Sala Ciencias Book Cart 2026-03-31 Donación 20.00 628.5 / L64 SC0000002446 2026-03-31 Libros-BMC

Powered by Koha